Sportowiec roku | XXI w. - Statystyki

Ogólne statystyki
  • Ten quiz został rozwiązany 60 razy
  • Średni wynik to 20 z 25
Statystyki odpowiedzi
Hint Odpowiedź % Poprawnych
2015 Robert Lewandowski
100%
2020 Robert Lewandowski
100%
2021 Robert Lewandowski
100%
2022 Iga Świątek
94%
2023 Iga Świątek
94%
2014 Kamil Stoch
88%
2017 Kamil Stoch
88%
2001 Adam Małysz
87%
2002 Adam Małysz
87%
2003 Adam Małysz
87%
2007 Adam Małysz
87%
2019 Bartosz Zmarzlik
87%
2018 Bartosz Kurek
81%
2016 Anita Włodarczyk
77%
2009 Justyna Kowalczyk
77%
2010 Justyna Kowalczyk
77%
2011 Justyna Kowalczyk
77%
2012 Justyna Kowalczyk
77%
2013 Justyna Kowalczyk
77%
2008 Robert Kubica
65%
2000 Robert Korzeniowski
63%
2024 Aleksandra Mirosław
56%
2004 Otylia Jędrzejczak
56%
2005 Otylia Jędrzejczak
56%
2006 Otylia Jędrzejczak
56%
Nie znaleziono quizów pasujących do podanych kryteriów
Rozkład punktacji
Procent ludzi z każdym wynikiem
Percentyl według liczby udzielonych odpowiedzi
Twoja historia wyników
Nie rozwiązałeś tego quizu